Načítá se...

Introduction to analysis of the infinite Bk 1 /

Podrobná bibliografie
Hlavní autor: Euler, Leonard
Další autoři: Blanton, John D.
Médium: Printed Book
Jazyk:English
Vydáno: New York : Springer-Verlag, 1988.
LEADER 00831nam a2200181Ia 4500
008 150624b xxu||||| |||| 00| 0 eng d
020 |a 0387968245 
020 |a 387968245 
082 |a 515.24 
100 |a Euler, Leonard 
245 |a Introduction to analysis of the infinite Bk 1 /  |c Leonard Euler 
260 |a New York :  |b Springer-Verlag,  |c 1988. 
300 |a 327 p. 
505 |a 1. On functions in general 2. On the transformation of functions 3. On the transformation of functions by substitution 4. On the development of functions in infinite series 5. Concerning functions of two or more variables 6. On exponentials and logarithms 
700 |a Blanton, John D. 
942 |c BK 
999 |c 43670  |d 43670 
952 |0 0  |1 0  |4 0  |6 515_240000000000000_EUL_I  |7 0  |9 43662  |a UL  |b UL  |c ST1  |d 1998-09-07  |l 0  |o 515.24 EUL/I  |p 63859  |r 2012-10-27  |w 2012-10-27  |y BK